000 00433nam a2200157Ia 4500
008 230711s9999||||xx |||||||||||||| ||und||
041 _aENG
082 _a720
_bCO-B
100 _aCouncil on Tall Buildings and Urban Habitat
245 0 _aBuilding design for handicapped and aged persons
250 _a1st
260 _c1992
_aNew Delhi
_bTata McGraw Hill Education Limited
300 _a254
650 _aArchitecture
942 _cBK
999 _c2450
_d2450